Matemática II

Bibliographic Details
Main Author: Walsh Mendoza, Carlos
Format: Section = Libro
Language:Undetermined
Spanish
Published: Managua UNI 2011
Subjects:
LEADER 00504nam a2200181Ia 4500
008 240829s9999 xx 000 0 und d
040 |a BIBLIOTECA-RUPAP 515 W223m 
041 |a spa 
082 |a 515 W223m 
100 1 |a Walsh Mendoza, Carlos 
245 1 0 |a Matemática II 
260 |a Managua  |b UNI  |c 2011 
300 |a 302 p. :il. 
650 7 |a CÁLCULO - INTEGRALES 
650 7 |b  SUCESIONES - MATEMATICAS. I. Salmerón Ordoñez, Felix M, coaut. . II. Tít. 
942 |c BK  |2 ddc 
991 |a TEXTO 
999 |c 7506